Birleşmiş Milletler Kadınlara Karşı Ayrımcılığın Önlenmesi Komitesine (CEDAW) sunulan 2. ve 3. birleşmiş dönemsel ülke raporu (Record no. 859)

MARC details
000 -BAŞLIK
Sabit Uzunlukta Kontrol Alanı 00802na a2200205 4500
001 - KONTROL NUMARASI
Denetim Alanı 13338
003 - KONTROL NUMARASI IDENTIFIER
Denetim Alanı MIRAKIL
005 - SON İŞLEM TARİHİ VE ZAMANI
Denetim Alanı 20181213154803.0
008 - SABİT-BOY VERİ ELEMANLARI - GENEL BİLGİLER
Sabit Uzunlukta Kontrol Alanı 161025b tu 000 0
040 ## - KATALOGLAMA KAYNAK
Orijinal Kataloglama Ajansı Milas
Kataloglama Dili tur
Metne Dönüştürmek Ajansı TR-AnCHP
041 ## - DİL KODU
Metin / Ses Parça Veya Ayrı Başlığın Dil Kodu tur
082 ## - DEWEY ONLU SINIFLANDIRMA NUMARASI
Sınıflandırma Numarası 305.4
Ürün Numarası B56 [t.y.]
090 ## - SINIFLAMA NUMARASI
Sınıflama Numarası 305.4 B56 [t.y.]
245 ## - BAŞLIK TABLOSU
Başlık Birleşmiş Milletler Kadınlara Karşı Ayrımcılığın Önlenmesi Komitesine (CEDAW) sunulan 2. ve 3. birleşmiş dönemsel ülke raporu
Başlığın Kalan Sunumu, savunulması ve komitenin değerlendirmeleri
Sorumluluk Tablosu, Vb Kadının Statüsü Ve Sorunları Genel Müdürlüğü
260 ## - YAYIN, DAĞITIM, VB
Yayın, Dağıtım, Vb Yeri [Ankara]
Yayıncı, Dağıtıcı, Vs Adı Kadının Statüsü ve Sorunları Genel Müdürlüğü
Yayın, Dağıtım, Vb Tarihi [t.y.]
300 ## - FİZİKSEL TANIM
Kapsam 178 s.
Boyutlar 19 sm.
650 ## - KONU KATMA GİRİŞ - TOPİKAL DÖNEM
Topikal Süreli Veya Coğrafi Ad Giriş Elemanı Kadının statüsü
Kronolojik Alt Bölümü Ülke raporları
650 ## - KONU KATMA GİRİŞ - TOPİKAL DÖNEM
Topikal Süreli Veya Coğrafi Ad Giriş Elemanı Ayrımcılık
Genel Alt Bölümü Kadınlar
942 ## - EKLENDİ GİRİŞ ELEMANLARI (KOHA)
Sınıflandırma Veya Raf Düzeni Kaynak Dewey Decimal Classification
Koha Öğesi Türü Books
999 ## - SİSTEM KONTROL NUMARALARI (KOHA)
Koha Biblionumber 859
Koha Biblioitemnumber 859
Holdings
Kalıcı Konum Mevcut Konum Edinme Tarihi Edinim Kaynak Toplam Check-Out'Lar Tam Çağrı Numarası Barkod Tarih Son Görülme İtibaren Geçerli Fiyatlar Koha Öğesi Türü Kopya Sayısı
CHP Kütüphanesi CHP Kütüphanesi 08/13/2016 Bağış   305.4 B56 [t.y.] 001133 08/13/2016 08/13/2016 Books  
CHP Kütüphanesi CHP Kütüphanesi 10/12/2016 Bağış   305.4 B56 [t.y.] 001401 10/12/2016 10/12/2016 Books k.2